| 000 | 00674nam a2200181 a 4500 | ||
|---|---|---|---|
| 001 | 000028723 | ||
| 005 | 20240229073821.0 | ||
| 008 | 110411s2010 dr 000 | spa d | ||
| 040 |
_aDO-SdBNP _bspa _cBNPHU |
||
| 082 |
_axxxx _bR426r |
||
| 110 | 1 |
_aRepública Dominicana. _bSuprema Corte de Justicia _97906 |
|
| 245 | 1 | 0 |
_aResoluciones de interés general de la Suprema Corte de Justicia / _cpresentación de Jorge A. Subero Isa. |
| 260 |
_aSanto Domingo : _bSuprema Corte de Justicia, _c2010. _f(Editora Margraf) |
||
| 300 |
_a381 p. ; _c22 cm. |
||
| 500 | _aIncluye notas al pie de las páginas. | ||
| 700 | 1 |
_aSubero Isa, Jorge A., _d1947- _epresent. _976863 |
|
| 049 | _aBNPD | ||
| 999 |
_c28215 _d28215 |
||